01019nam a2200229 a 450000100100000000500170001000800410002702000150006804000250008310000250010824001260013324501790025926000380043830000210047649000170049770000330051470000330054774000630058083000240064395201050066799900170077200004335020201002040833.0140310s2002 sp 000 0 spa d a8483074699 aDO-SdBNPbspacBNPHU1 aKepel, Gilles97099210aChronique d´une guerre d´oriente (automme 2001) suivi de Bréve Chronique d´Israël et de Palestine (avril-mai 2001)10aCrónica de una guerra de Oriente :b(otoño de 2001); seguido de Breve crónica de Israel y Palestina (abril-mayo de 2001) /cGilles Kepel; traducción de Marga Latorre. aBarcelona, :bPenínsula,c2002. a109 p. ;c23 cm.1 aAtalayav10112aLatorre, Margaetrad.97099312aLatorre, Margaetrad.9709930 aBreve crónica de Israel y Palestina (abril-mayo de 2001) 0aAtalayan101970994 001050718MOaGRbGRcCTd2014-03-10iLF1l0o p43350-10r2020-06-25w2020-06-25y1ZNo se presta c42839d42839